000 00627nam a2200241Ia 4500
003 OSt
005 20221007071248.0
006 a|||||r|||| 00| 0
007 ta
008 221006b |||||||| |||| 00| 0 eng d
024 _a24,991
037 _cTextual
040 _aFLL
_cFLL
_beng
041 _2eng
_aeng
082 _aZ3:1:6, L3
100 _aMellows A.R.
_9688415
245 0 _aLaw of succession
250 _a2nd
260 _aLondon
_bButterworth & Co. (Publishers) Ltd. London
_c1973
300 _axcix,1-729p
_ccm.
942 _hZ3:1:6, L3
_cTEXL
_2CC
999 _c1142887
_d1142887